=LDR 00000nam 2200000 4500 =001 000249 =005 20250710121642 =035 ##$$a 0010-0725000080 =245 1#$$a Mari menghitung bangun datar /$c Uma sharma =100 #$$a Uma sharma =250 ##$$a Cetakan pertama =300 ##$$a 16 hlm. : $b Ilus. ; $c 21 cm =856 ##$$a TBM As suhada =260 ##$$a Rawamangun :$b Uma sharma,$c 2022 =082 ##$$a 398.209 598 =084 ##$$a 398.209 598 UMA m =020 ##$$a 978-623-307-397-4 =650 #4$$a Cerita anak indonesia-terjemahan =650 #4$$a Literasi-bahan bacaan